[Event "Iasi op"]
[Site "Iasi"]
[Date "2014.05.12"]
[Round "3"]
[White "Sava, Gabriela Liliana"]
[Black "Nastase, Andreea Cristina"]
[Result "1-0"]
[WhiteElo "1887"]
[BlackElo "1676"]
[PlyCount "55"]
[EventDate "2014.05.10"]
[EventType "swiss"]
[EventRounds "9"]
[EventCountry "ROU"]
[SourceTitle "CBM 160 Extra"]
[Source "ChessBase"]
[SourceDate "2014.07.01"]
[SourceVersion "1"]
[SourceVersionDate "2014.07.01"]
[SourceQuality "1"]

1. e4 e6 2. d4 d5 3. exd5 exd5 4. Bd3 Nf6 5. Ne2 Be7 6. c3 0-0 7. Qc2 b6 8. Bg5 h6 9. Bf4 Nbd7 10. Nd2 Bb7 11. 0-0-0 c5 12. h3 c4 13. Bf5 Re8 14. Nf3 b5 15. g4 a5 16. Ng3 b4 17. h4 bxc3 18. bxc3 Ba3+ 19. Kb1 Ne4 20. g5 Nxg3 21. fxg3 Nf8 22. gxh6 g6 23. Bg4 Ne6 24. Be5 Bc6 25. h5 Ba4 26. h7+ Kf8 27. h8Q+ Ke7 28. Qf6+ 1-0

[Event "Iasi op"]
[Site "Iasi"]
[Date "2014.05.10"]
[Round "1"]
[White "Sava, Gabriela Liliana"]
[Black "Vedmediuc, Serghei"]
[Result "0-1"]
[WhiteElo "1887"]
[BlackElo "2448"]
[PlyCount "58"]
[EventDate "2014.05.10"]
[EventType "swiss"]
[EventRounds "9"]
[EventCountry "ROU"]
[SourceTitle "CBM 160 Extra"]
[Source "ChessBase"]
[SourceDate "2014.07.01"]
[SourceVersion "1"]
[SourceVersionDate "2014.07.01"]
[SourceQuality "1"]

1. d4 g6 2. c4 Bg7 3. Nc3 d6 4. Nf3 Nf6 5. Bg5 0-0 6. Qd2 c5 7. Bh6 Bg4 8. Bxg7 Kxg7 9. h3 Bxf3 10. exf3 Nc6 11. d5 Nd4 12. Ne2 e5 13. dxe6 Nxe6 14. 0-0-0 Qe8 15. Qc3 Qa4 16. a3 b5 17. cxb5 Rfd8 18. Qc2 Qxb5 19. Nf4 Qd7 20. Nxe6+ Qxe6 21. Bc4 d5 22. Rhe1 Qd6 23. g3 Rab8 24. Rd2 Qb6 25. Bf1 c4 26. g4 c3 27. bxc3 Qc5 28. a4 Qa3+ 29. Kd1 Qa1+ 0-1

[Event "World Amateur-ch"]
[Site "Iasi"]
[Date "2013.04.30"]
[Round "9"]
[White "Sava, Gabriela Liliana"]
[Black "Wijesuriya, G Vineetha"]
[Result "1-0"]
[WhiteElo "1911"]
[BlackElo "1846"]
[PlyCount "57"]
[EventDate "2013.04.22"]
[EventType "swiss"]
[EventRounds "9"]
[EventCountry "ROU"]
[SourceTitle "CBM 154 Extra"]
[Source "ChessBase"]
[SourceDate "2013.06.25"]
[SourceVersion "2"]
[SourceVersionDate "2013.06.25"]
[SourceQuality "1"]

1. e4 d6 2. d4 Nf6 3. Nc3 g6 4. Bg5 Bg7 5. e5 dxe5 6. dxe5 Qxd1+ 7. Rxd1 Ng4 8. h3 Nxf2 9. Kxf2 Bxe5 10. Nd5 f6 11. Bf4 Bxf4 12. Nxf4 c6 13. Bc4 e5 14. Be6 Ke7 15. Bxc8 Rxc8 16. Nfe2 Na6 17. Nf3 Nb4 18. c3 Nd5 19. c4 Nc7 20. Nc3 Ne6 21. Rd2 Rd8 22. Rhd1 Rxd2+ 23. Rxd2 Rd8 24. Rxd8 Kxd8 25. Ne4 Ke7 26. g3 f5 27. Neg5 e4 28. Nxe6 Kxe6 29. Ng5+ 1-0

[Event "World Amateur-ch"]
[Site "Iasi"]
[Date "2013.04.29"]
[Round "8"]
[White "Cenusa, Mihai"]
[Black "Sava, Gabriela Liliana"]
[Result "0-1"]
[WhiteElo "1760"]
[BlackElo "1911"]
[PlyCount "50"]
[EventDate "2013.04.22"]
[EventType "swiss"]
[EventRounds "9"]
[EventCountry "ROU"]
[SourceTitle "CBM 154 Extra"]
[Source "ChessBase"]
[SourceDate "2013.06.25"]
[SourceVersion "2"]
[SourceVersionDate "2013.06.25"]
[SourceQuality "1"]

1. c4 e5 2. Nc3 Nf6 3. e4 Nc6 4. d3 h6 5. Be3 Bb4 6. a3 Bxc3+ 7. bxc3 d6 8. Nf3 Ng4 9. d4 Nxe3 10. fxe3 0-0 11. d5 Ne7 12. Bd3 f5 13. exf5 Nxf5 14. e4 Nh4 15. 0-0 Bg4 16. Be2 Nxf3+ 17. Bxf3 Bxf3 18. Rxf3 Qh4 19. Qe2 Rxf3 20. Qxf3 Rf8 21. Qe3 b6 22. a4 a5 23. Re1 Qf4 24. Qxf4 Rxf4 25. g3 Rf3 0-1

[Event "World Amateur-ch"]
[Site "Iasi"]
[Date "2013.04.22"]
[Round "1"]
[White "Sava, Gabriela Liliana"]
[Black "Anshuman, Singh"]
[Result "1/2-1/2"]
[WhiteElo "1911"]
[BlackElo "1580"]
[PlyCount "80"]
[EventDate "2013.04.22"]
[EventType "swiss"]
[EventRounds "9"]
[EventCountry "ROU"]
[SourceTitle "CBM 154 Extra"]
[Source "ChessBase"]
[SourceDate "2013.06.25"]
[SourceVersion "2"]
[SourceVersionDate "2013.06.25"]
[SourceQuality "1"]

1. e4 c5 2. Nc3 Nc6 3. g3 g6 4. Bg2 Bg7 5. Nge2 d6 6. d3 Nf6 7. 0-0 0-0 8. f4 e6 9. Bh3 Ne7 10. Be3 Ne8 11. g4 f5 12. Ng3 b6 13. Qe2 d5 14. exd5 exd5 15. Nd1 fxg4 16. Bxg4 Bxg4 17. Qxg4 Nf5 18. Nxf5 Rxf5 19. Bd2 Nf6 20. Qe2 Nh5 21. Qe6+ Kh8 22. Nc3 Qh4 23. Ne2 Qg4+ 24. Kh1 Raf8 25. Qe3 d4 26. Qf2 Re8 27. Rae1 Rf7 28. Rg1 Qf5 29. Ng3 Nxg3+ 30. hxg3 Qh3+ 31. Qh2 Qxh2+ 32. Kxh2 Rfe7 33. Rxe7 Rxe7 34. Re1 Rxe1 35. Bxe1 Kg8 36. Kg2 Kf7 37. Kf3 Ke6 38. Ke4 h5 39. a4 a6 40. b3 Bf6 1/2-1/2